[Event "Ustron op-B"]
[Site "Ustron"]
[Date "2022.08.19"]
[Round "8"]
[White "Madej, Marek"]
[Black "Marszk, Kazimierz"]
[Result "1-0"]
[WhiteElo "1981"]
[BlackElo "1878"]
[PlyCount "71"]
[EventDate "2022.08.12"]
[EventType "swiss"]
[EventRounds "9"]
[EventCountry "POL"]
[SourceTitle "CBM 209 Extra"]
[Source "ChessBase"]
[SourceDate "2022.09.30"]
[SourceVersion "1"]
[SourceVersionDate "2022.09.30"]
[SourceQuality "1"]

1. e4 c5 2. Nf3 g6 3. c3 d5 4. e5 d4 5. cxd4 cxd4 6. Bb5+ Nc6 7. 0-0 Bg7 8. d3 Bd7 9. Bxc6 Bxc6 10. Nbd2 Nh6 11. Ne4 Ng4 12. e6 f5 13. Neg5 0-0 14. Bf4 Qd5 15. Re1 h6 16. Nf7 g5 17. Bd2 Rxf7 18. exf7+ Kxf7 19. Bb4 Re8 20. Rc1 e6 21. h3 Nf6 22. Rc5 Qxa2 23. Ne5+ Kg8 24. Nxc6 bxc6 25. Rxc6 Qxb2 26. Qa4 Rb8 27. Bd6 Rb6 28. Rc8+ Kh7 29. Be5 Qd2 30. Rf1 Rb7 31. Bxf6 Bxf6 32. Qe8 Rg7 33. Qxe6 Kg6 34. Rf8 g4 35. Rxf6+ Kh7 36. Qxf5+ 1-0

[Event "Ustron op-B"]
[Site "Ustron"]
[Date "2022.08.17"]
[Round "6"]
[White "Wojdak, Jan"]
[Black "Marszk, Kazimierz"]
[Result "1-0"]
[WhiteElo "1986"]
[BlackElo "1878"]
[PlyCount "137"]
[EventDate "2022.08.12"]
[EventType "swiss"]
[EventRounds "9"]
[EventCountry "POL"]
[SourceTitle "CBM 209 Extra"]
[Source "ChessBase"]
[SourceDate "2022.09.30"]
[SourceVersion "1"]
[SourceVersionDate "2022.09.30"]
[SourceQuality "1"]

1. e4 c5 2. Nf3 g6 3. d4 cxd4 4. Nxd4 Nf6 5. Nc3 Bg7 6. Be2 0-0 7. 0-0 d5 8. e5 Ne4 9. f4 Nxc3 10. bxc3 Nc6 11. Be3 Nxd4 12. Qxd4 e6 13. Rfd1 Qc7 14. Qc5 Qxc5 15. Bxc5 Rd8 16. Bd6 Bf8 17. Bxf8 Kxf8 18. c4 Ke7 19. cxd5 Rxd5 20. Bf3 Rxd1+ 21. Rxd1 Rb8 22. c4 Bd7 23. Rb1 Kd8 24. Kf2 Kc7 25. g4 Bc6 26. Be2 h6 27. h4 Rd8 28. Ke3 b6 29. Bd3 Rh8 30. Rg1 Rg8 31. Be2 Bb7 32. Bd3 Bc6 33. Rg3 Kd7 34. Be2 Ke7 35. Rh3 Bg2 36. Rh2 Bc6 37. h5 g5 38. Rf2 gxf4+ 39. Kxf4 f6 40. exf6+ Kxf6 41. Kg3+ Ke7 42. Bd3 Be8 43. Kh4 Rg5 44. Re2 Kd6 45. Be4 Ra5 46. Rf2 Ke7 47. Bg6 Bxg6 48. hxg6 Rg5 49. Rf7+ Kd6 50. g7 e5 51. Rxa7 e4 52. Rf7 e3 53. Rf6+ Kd7 54. Rxh6 Rxg7 55. Rxb6 Re7 56. Rb1 Kd6 57. Kg3 Kc5 58. Kf3 Kxc4 59. Ke2 Ra7 60. Kxe3 Rxa2 61. Rd1 Ra8 62. g5 Rf8 63. Ke4 Kc5 64. Ke5 Rf2 65. Rc1+ Kb6 66. g6 Re2+ 67. Kf6 Rf2+ 68. Kg7 Kb7 69. Kg8 1-0

[Event "POL-ch Seniors"]
[Site "Szklarska Poreba"]
[Date "2022.05.17"]
[Round "6"]
[White "Grubiak, Roman"]
[Black "Marszk, Kazimierz"]
[Result "0-1"]
[WhiteElo "1619"]
[BlackElo "1929"]
[PlyCount "100"]
[EventDate "2022.05.13"]
[EventType "swiss"]
[EventRounds "9"]
[EventCountry "POL"]
[SourceTitle "EXT 2024"]
[Source "ChessBase"]
[SourceDate "2023.10.10"]
[SourceVersion "1"]
[SourceVersionDate "2023.10.10"]
[SourceQuality "1"]

1. d4 Nf6 2. Nf3 g6 3. Bf4 Bg7 4. e3 0-0 5. Bd3 c5 6. c3 b6 7. Nbd2 Bb7 8. 0-0 d6 9. Qe2 Nbd7 10. e4 Nh5 11. Be3 e5 12. dxe5 Nxe5 13. Nxe5 dxe5 14. g3 Qc7 15. f3 Rad8 16. Bc2 Rd7 17. Rfd1 Rfd8 18. Nf1 Bf8 19. Rxd7 Rxd7 20. Rd1 Ng7 21. Ba4 Bc6 22. Rxd7 Qxd7 23. Bxc6 Qxc6 24. Bh6 c4 25. Qd2 Bc5+ 26. Kg2 Ne6 27. b4 cxb3 28. axb3 a5 29. Qd5 Qxd5 30. exd5 Nc7 31. c4 b5 32. Be3 Bxe3 33. Nxe3 a4 34. bxa4 bxa4 35. Nc2 Na6 36. Na3 Kf8 37. Kf2 Ke7 38. Nb5 f5 39. Ke3 h5 40. h3 Nc5 41. Na3 Kd6 42. Nb5+ Kd7 43. f4 e4 44. Kd4 Nd3 45. Kc3 h4 46. gxh4 Nxf4 47. Kd4 Nd3 48. c5 Nxc5 49. Kxc5 e3 50. Nc3 a3 0-1

[Event "POL-ch Seniors"]
[Site "Szklarska Poreba"]
[Date "2022.05.17"]
[Round "5"]
[White "Marszk, Kazimierz"]
[Black "Sielicki, Tomasz"]
[Result "0-1"]
[WhiteElo "1929"]
[BlackElo "1943"]
[PlyCount "146"]
[EventDate "2022.05.13"]
[EventType "swiss"]
[EventRounds "9"]
[EventCountry "POL"]
[SourceTitle "EXT 2024"]
[Source "ChessBase"]
[SourceDate "2023.10.10"]
[SourceVersion "1"]
[SourceVersionDate "2023.10.10"]
[SourceQuality "1"]

1. Nf3 d5 2. g3 c5 3. Bg2 Nf6 4. 0-0 e6 5. c4 d4 6. e3 Nc6 7. exd4 cxd4 8. d3 Bc5 9. Re1 0-0 10. a3 a5 11. Nbd2 Re8 12. Ng5 e5 13. Nde4 Be7 14. Nxf6+ Bxf6 15. Qh5 Bxg5 16. Bxg5 f6 17. Bd2 g6 18. Qe2 Bf5 19. Bd5+ Be6 20. Bxe6+ Rxe6 21. b4 b6 22. Qf3 Kg7 23. Qg2 Rb8 24. f4 Qd6 25. Qd5 Rd8 26. Qxd6 Rdxd6 27. b5 Nd8 28. fxe5 fxe5 29. c5 bxc5 30. Bxa5 Nb7 31. Bd2 Rd8 32. a4 Nd6 33. Rac1 Rc8 34. b6 Nb7 35. a5 Ra8 36. Rb1 Kf7 37. Re2 Ke7 38. Rbe1 Kd6 39. Bf4 Rxa5 40. Bxe5+ Kd5 41. Bc7 Rxe2 42. Rxe2 Ra3 43. Rd2 c4 44. dxc4+ Kxc4 45. Kf2 Nc5 46. Ke2 Rb3 47. Rc2+ Kd5 48. Kd2 Na4 49. h4 Nxb6 50. Bxb6 Rxb6 51. Rc7 h5 52. Rg7 Ke4 53. Re7+ Kf3 54. Rd7 Kxg3 55. Rxd4 Rf6 56. Ke3 Rf3+ 57. Ke2 Rf4 58. Rd6 Rg4 59. Ke3 Kxh4 60. Kf3 g5 61. Rd1 Rf4+ 62. Kg2 Kg4 63. Rg1 Ra4 64. Kh2+ Kh4 65. Rg2 g4 66. Kg1 g3 67. Rb2 Kh3 68. Rb1 h4 69. Kh1 Kg4 70. Kg2 h3+ 71. Kh1 Rf4 72. Kg1 h2+ 73. Kg2 Rf2+ 0-1

[Event "Rubinstein Memorial-B 55th"]
[Site "Polanica Zdroj"]
[Date "2019.08.23"]
[Round "7"]
[White "Marszk, Kazimierz"]
[Black "Fainberg, Boris"]
[Result "0-1"]
[WhiteElo "1829"]
[BlackElo "2030"]
[PlyCount "80"]
[EventDate "2019.08.17"]
[EventType "swiss"]
[EventRounds "9"]
[EventCountry "POL"]
[SourceTitle "EXT 2020"]
[Source "ChessBase"]
[SourceDate "2019.10.17"]
[SourceVersion "1"]
[SourceVersionDate "2019.10.17"]
[SourceQuality "1"]

1. e4 e6 2. d4 d5 3. exd5 exd5 4. Bd3 c5 5. dxc5 Bxc5 6. Nf3 Nf6 7. 0-0 0-0 8. h3 Nc6 9. c3 Qd6 10. Kh1 Ne4 11. Ng5 f5 12. Bxe4 fxe4 13. b4 Bb6 14. Nxe4 Qe5 15. Nc5 Nxb4 16. f4 Qf6 17. cxb4 Qxa1 18. Qxd5+ Kh8 19. Nd2 Qf6 20. Nf3 Bxc5 21. Qxc5 Bf5 22. Ne5 b6 23. Qf2 Rac8 24. a3 Rfd8 25. Qe3 Qe6 26. g4 Qd5+ 27. Kg1 Rc2 28. Rf2 Rxf2 29. Kxf2 Be6 30. f5 Bg8 31. Kg3 Qd4 32. Kf2 Bb3 33. Nc6 Qxe3+ 34. Bxe3 Rd7 35. Kg3 Kg8 36. g5 Rc7 37. b5 Ba4 38. Nd4 Rc5 39. Kf4 Bxb5 40. h4 Be8 0-1

[Event "Rubinstein Memorial-B 54th"]
[Site "Polanica Zdroj"]
[Date "2018.08.20"]
[Round "3"]
[White "Marszk, Kazimierz"]
[Black "Marusenko, Petr"]
[Result "0-1"]
[WhiteElo "1818"]
[BlackElo "2159"]
[PlyCount "90"]
[EventDate "2018.08.18"]
[EventType "swiss"]
[EventRounds "9"]
[EventCountry "POL"]
[SourceTitle "EXT 2020"]
[Source "ChessBase"]
[SourceDate "2019.10.17"]
[SourceVersion "1"]
[SourceVersionDate "2019.10.17"]
[SourceQuality "1"]

1. e4 g6 2. d4 Bg7 3. f4 d5 4. e5 c5 5. Nf3 Bg4 6. Bb5+ Nc6 7. 0-0 Qb6 8. Bxc6+ bxc6 9. dxc5 Qxc5+ 10. Kh1 e6 11. b3 Ne7 12. h3 h5 13. Ba3 Qe3 14. Bxe7 Kxe7 15. Qd2 Qxd2 16. Nbxd2 Bxf3 17. Nxf3 Rab8 18. Rad1 Rb4 19. Nd4 Kd7 20. a3 Rb6 21. a4 Bf8 22. g3 Be7 23. Kg2 c5 24. Nf3 Rc8 25. c4 Rxb3 26. cxd5 Rb2+ 27. Rf2 Rxf2+ 28. Kxf2 exd5 29. Rxd5+ Kc6 30. Rd2 Rb8 31. Ra2 Rb4 32. Ne1 h4 33. Nf3 hxg3+ 34. Kxg3 c4 35. e6 f6 36. Nd4+ Kd5 37. Nb5 Rb3+ 38. Kg2 c3 39. Kf2 a6 40. Nc7+ Kc6 41. Ke3 Kxc7 42. Kd3 Rb2 43. Ra1 Bb4 44. Re1 Kd8 45. e7+ Bxe7 0-1

[Event "Baltic Cup-B 2nd"]
[Site "Darlowko"]
[Date "2018.07.03"]
[Round "9"]
[White "Marszk, Kazimierz"]
[Black "Bartoszewski, Marcin"]
[Result "1-0"]
[WhiteElo "1806"]
[BlackElo "2144"]
[PlyCount "135"]
[EventDate "2018.06.24"]
[EventType "swiss"]
[EventRounds "9"]
[EventCountry "POL"]
[SourceTitle "CBM 187 Extra"]
[Source "ChessBase"]
[SourceDate "2018.11.04"]
[SourceVersion "1"]
[SourceVersionDate "2018.11.04"]
[SourceQuality "1"]

1. e4 e5 2. Nf3 Nc6 3. d4 exd4 4. Nxd4 Qf6 5. Be3 Bc5 6. c3 Nxd4 7. cxd4 Bb4+ 8. Nc3 Qg6 9. f3 Ne7 10. Qd2 d5 11. Bd3 dxe4 12. fxe4 f5 13. e5 Nd5 14. 0-0 Be6 15. a3 Bxc3 16. bxc3 Nxe3 17. Qxe3 0-0 18. Rf2 Qe8 19. Raf1 Qd7 20. Qg5 c5 21. Bxf5 Rxf5 22. Rxf5 cxd4 23. R5f3 d3 24. Qe3 Rd8 25. Rf4 Qb5 26. Rd4 Rc8 27. Qxd3 Qxd3 28. Rxd3 Bc4 29. Rd7 Bxf1 30. Kxf1 Re8 31. Rxb7 Rxe5 32. Rxa7 Rc5 33. a4 Rxc3 34. a5 Rc2 35. a6 h6 36. Rb7 Kh7 37. a7 Ra2 38. Ke1 Kg6 39. Kd1 Kf6 40. Kc1 g5 41. Kb1 Ra6 42. Kc2 Ke5 43. Kc3 Kd5 44. Rh7 Kc5 45. Rxh6 Rxa7 46. Rg6 Ra3+ 47. Kb2 Re3 48. Rxg5+ Kd6 49. Kc2 Ke6 50. Kd2 Ra3 51. Ke2 Kf6 52. h4 Rb3 53. g3 Ra3 54. Kf2 Rb3 55. Kg2 Ra3 56. Kh3 Ra4 57. Rb5 Rc4 58. h5 Rc1 59. Kh4 Rh1+ 60. Kg4 Ra1 61. Rf5+ Kg7 62. Kg5 Ra6 63. g4 Rb6 64. Rc5 Ra6 65. h6+ Kg8 66. Kh5 Rb6 67. g5 Ra6 68. Rc8+ 1-0

[Event "Baltic Cup-B 2nd"]
[Site "Darlowko"]
[Date "2018.06.26"]
[Round "3"]
[White "Marszk, Kazimierz"]
[Black "Lewandowski, Wiktor"]
[Result "1-0"]
[WhiteElo "1806"]
[BlackElo "1605"]
[PlyCount "119"]
[EventDate "2018.06.24"]
[EventType "swiss"]
[EventRounds "9"]
[EventCountry "POL"]
[SourceTitle "CBM 187 Extra"]
[Source "ChessBase"]
[SourceDate "2018.11.04"]
[SourceVersion "1"]
[SourceVersionDate "2018.11.04"]
[SourceQuality "1"]

1. e4 c5 2. d3 e6 3. g3 a6 4. Bg2 b5 5. f4 Bb7 6. Nf3 d5 7. Nbd2 Nf6 8. Qe2 Be7 9. 0-0 0-0 10. c3 Nc6 11. Ne5 d4 12. Nxc6 Bxc6 13. c4 Qc7 14. b3 Nd7 15. Nf3 bxc4 16. bxc4 Rab8 17. Ba3 Nb6 18. Rab1 Na4 19. Rxb8 Rxb8 20. Ne5 Nc3 21. Qf2 Be8 22. Bc1 Qa5 23. a3 Bd6 24. Nf3 Qc7 25. h4 Ba4 26. e5 Bf8 27. Ng5 h6 28. Ne4 Nxe4 29. Bxe4 Bc6 30. Qf3 Bxe4 31. Qxe4 Qb7 32. Qxb7 Rxb7 33. Kf2 Kh7 34. Ke2 Kg6 35. g4 f5 36. h5+ Kf7 37. gxf5 exf5 38. Rg1 Rb6 39. Bd2 g6 40. hxg6+ Rxg6 41. Rxg6 Kxg6 42. Kf3 Be7 43. Ba5 Kf7 44. Kg3 Ke6 45. Bc7 Kd7 46. Bd6 Bxd6 47. exd6 Kxd6 48. Kh4 Kc6 49. Kh5 Kb6 50. Kg6 Ka5 51. Kxf5 Ka4 52. Ke4 Kxa3 53. f5 a5 54. f6 a4 55. f7 Kb2 56. f8Q a3 57. Qxh6 a2 58. Qb6+ Kc2 59. Qa5 Kb2 60. Kd5 1-0

[Event "Gdansk op 14th"]
[Site "Gdansk"]
[Date "2012.07.29"]
[Round "9"]
[White "Marszk, Kazimierz"]
[Black "Grabowski, Jan"]
[Result "1-0"]
[WhiteElo "2050"]
[BlackElo "1886"]
[PlyCount "87"]
[EventDate "2012.07.22"]
[EventType "swiss"]
[EventRounds "9"]
[EventCountry "POL"]
[SourceTitle "CBM 149 Extra"]
[Source "ChessBase"]
[SourceDate "2012.08.24"]
[SourceVersion "1"]
[SourceVersionDate "2012.08.24"]
[SourceQuality "1"]

1. e4 e6 2. d4 d5 3. exd5 exd5 4. Bd3 Nc6 5. Nf3 Bd6 6. Be3 Nge7 7. c3 Bg4 8. Nbd2 Qd7 9. Qc2 h6 10. h3 Be6 11. 0-0-0 0-0-0 12. Nb3 Bf5 13. Rhe1 Bxd3 14. Qxd3 Qf5 15. Qb5 a6 16. Qa4 Kb8 17. Nc5 Na7 18. b4 Nec8 19. Nd2 Nb5 20. Qc2 Qxc2+ 21. Kxc2 Bxc5 22. bxc5 Rhe8 23. a4 Nba7 24. Rb1 Nc6 25. Bf4 N8e7 26. Kd3 Ng6 27. Bg3 Rxe1 28. Rxe1 Kc8 29. f4 Nge7 30. Bh4 f6 31. g4 g5 32. Bg3 Kd7 33. c4 dxc4+ 34. Kxc4 Kc8 35. Nb3 Nd5 36. fxg5 hxg5 37. h4 Nce7 38. h5 f5 39. Re5 fxg4 40. Rxg5 Rf8 41. Nd2 Rf5 42. Rxf5 Ne3+ 43. Kd3 N3xf5 44. Ne4 1-0

[Event "Gdansk op 14th"]
[Site "Gdansk"]
[Date "2012.07.22"]
[Round "2"]
[White "Teclaf, Pawel"]
[Black "Marszk, Kazimierz"]
[Result "0-1"]
[WhiteElo "1631"]
[BlackElo "2050"]
[PlyCount "88"]
[EventDate "2012.07.22"]
[EventType "swiss"]
[EventRounds "9"]
[EventCountry "POL"]
[SourceTitle "CBM 149 Extra"]
[Source "ChessBase"]
[SourceDate "2012.08.24"]
[SourceVersion "1"]
[SourceVersionDate "2012.08.24"]
[SourceQuality "1"]

1. e4 c6 2. d4 d5 3. exd5 cxd5 4. Bd3 Nc6 5. c3 Nf6 6. Bf4 Bg4 7. Qb3 Qd7 8. Nd2 e6 9. Ngf3 Bd6 10. Be5 0-0 11. 0-0 Rac8 12. Rfe1 Rc7 13. Bxd6 Qxd6 14. Ne5 Bh5 15. Re3 Rfc8 16. Rae1 Nd7 17. Nxc6 bxc6 18. Qc2 Bg6 19. b4 a5 20. a3 Ra8 21. Bxg6 hxg6 22. Rh3 Rca7 23. Ree3 Nf6 24. Nf1 Qf4 25. Ref3 Qe4 26. Qd2 Kf8 27. Qg5 Ke7 28. Rh7 Qg4 29. Qxg4 Nxg4 30. Rxg7 Nf6 31. g4 Kf8 32. Rxg6 fxg6 33. Rxf6+ Kg7 34. Rxe6 axb4 35. axb4 Rc7 36. Rd6 Ra3 37. b5 cxb5 38. Rxd5 Rb3 39. Nd2 Rb2 40. Ne4 Re7 41. f3 Ra7 42. Ng3 Ra1+ 43. Nf1 Rbb1 44. Kg2 Rxf1 0-1

[Event "Gdansk op 13th"]
[Site "Gdansk"]
[Date "2011.07.24"]
[Round "9"]
[White "Dadello, Aleksandra"]
[Black "Marszk, Kazimierz"]
[Result "1/2-1/2"]
[WhiteElo "1811"]
[BlackElo "2076"]
[PlyCount "94"]
[EventDate "2011.07.17"]
[EventType "swiss"]
[EventRounds "9"]
[EventCountry "POL"]
[SourceTitle "CBM 143 Extra"]
[Source "ChessBase"]
[SourceDate "2011.08.29"]
[SourceVersion "1"]
[SourceVersionDate "2011.08.29"]
[SourceQuality "1"]

1. e4 c6 2. d4 d5 3. Nc3 dxe4 4. Nxe4 Nd7 5. Ng5 Ngf6 6. Bd3 e6 7. N1f3 Nb6 8. Ne5 Qxd4 9. Nexf7 Bc5 10. Qe2 0-0 11. c3 Qxf2+ 12. Qxf2 Bxf2+ 13. Kxf2 h6 14. Nxh6+ gxh6 15. Nf3 e5 16. Re1 Re8 17. Bg6 Re7 18. Kg1 Kg7 19. Rxe5 Rxe5 20. Nxe5 Be6 21. Bf4 Nfd5 22. Bg3 Rf8 23. Re1 Nf6 24. Bb1 Na4 25. Nxc6 Bf7 26. Ne7 Nxb2 27. Nf5+ Kg6 28. Bf4 Bc4 29. Re3 Rd8 30. Nd4+ Kf7 31. Bxh6 Nd1 32. Rg3 Rg8 33. Rxg8 Kxg8 34. Bd2 Nd5 35. Be4 Bxa2 36. Nb5 a6 37. Bxd5+ Bxd5 38. Nc7 Bc4 39. g4 a5 40. h4 a4 41. Bc1 Nxc3 42. Bb2 Ne4 43. Na8 b5 44. Nb6 Be2 45. Nd5 Bxg4 46. Kg2 Be6 47. Nb4 Nd2 1/2-1/2

[Event "Gdansk op 13th"]
[Site "Gdansk"]
[Date "2011.07.19"]
[Round "4"]
[White "Marszk, Kazimierz"]
[Black "Dzikowski, Michal"]
[Result "1/2-1/2"]
[WhiteElo "2076"]
[BlackElo "1706"]
[PlyCount "116"]
[EventDate "2011.07.17"]
[EventType "swiss"]
[EventRounds "9"]
[EventCountry "POL"]
[SourceTitle "CBM 143 Extra"]
[Source "ChessBase"]
[SourceDate "2011.08.29"]
[SourceVersion "1"]
[SourceVersionDate "2011.08.29"]
[SourceQuality "1"]

1. e4 b6 2. d4 Bb7 3. Nc3 e6 4. Be3 Bb4 5. f3 Ne7 6. Bd3 Nbc6 7. Nge2 Ng6 8. Qd2 d5 9. e5 Bxc3 10. Qxc3 Nce7 11. 0-0-0 Qd7 12. h4 0-0-0 13. h5 Nf8 14. h6 g6 15. Bg5 Re8 16. Qa3 Kb8 17. Nc3 c6 18. Na4 Nc8 19. Rhe1 Qc7 20. Re3 Nd7 21. b4 b5 22. Nc5 Nxc5 23. dxc5 Ne7 24. Bf6 Rhg8 25. g4 Bc8 26. Be2 Bd7 27. Qb3 a6 28. a4 Bc8 29. Kb2 Bb7 30. f4 Bc8 31. Bd3 Qb7 32. c3 Qc7 33. Ra1 Qd7 34. axb5 cxb5 35. Bxe7 Rxe7 36. Rd1 Qc6 37. Bc2 Rd8 38. Qa3 Ra7 39. Rg3 Re7 40. Qa1 Qc7 41. g5 Red7 42. Rd4 Qc6 43. Bd3 Ra7 44. Qa5 Qc7 45. Qxc7+ Kxc7 46. Rg1 Bb7 47. Ra1 Bc6 48. Ra5 Rda8 49. Kc2 Rf8 50. Kd1 Rd8 51. Kd2 Rf8 52. Ke3 Rd8 53. Be2 Rf8 54. Rd1 Rd8 55. Kd4 Rda8 56. Rda1 Kb7 57. Bd3 Kc7 58. Be2 Kb7 1/2-1/2

[Event "Gdansk op 13th"]
[Site "Gdansk"]
[Date "2011.07.17"]
[Round "2"]
[White "Marszk, Kazimierz"]
[Black "Suliborski, Artur"]
[Result "1-0"]
[WhiteElo "2076"]
[BlackElo "1707"]
[PlyCount "91"]
[EventDate "2011.07.17"]
[EventType "swiss"]
[EventRounds "9"]
[EventCountry "POL"]
[SourceTitle "CBM 143 Extra"]
[Source "ChessBase"]
[SourceDate "2011.08.29"]
[SourceVersion "1"]
[SourceVersionDate "2011.08.29"]
[SourceQuality "1"]

1. e4 c5 2. Nf3 e6 3. d4 cxd4 4. Nxd4 Nf6 5. Bd3 Nc6 6. c3 d6 7. 0-0 Be7 8. Be3 0-0 9. f4 e5 10. Nxc6 bxc6 11. Kh1 Ng4 12. Bg1 exf4 13. Rxf4 Ne5 14. Bd4 Bg5 15. Rf1 a5 16. Be2 Ng6 17. Nd2 Nf4 18. Re1 Re8 19. Bf1 Rb8 20. Qc2 Ne6 21. Nf3 Bh6 22. Rad1 c5 23. Bf2 Qb6 24. b3 Rd8 25. Bc4 Ba6 26. Bd5 Nf4 27. c4 Bc8 28. e5 Nxd5 29. cxd5 Bg4 30. exd6 Bxf3 31. gxf3 Qxd6 32. Bxc5 Rbc8 33. Bxd6 Rxc2 34. Be7 Rd7 35. Bg5 f6 36. Bxh6 gxh6 37. Rg1+ Kf7 38. Rg2 Rc3 39. Rf2 Rc5 40. Rfd2 f5 41. Kg2 Kf6 42. Kf2 Rd6 43. Rd4 Rc2+ 44. Ke3 Rc3+ 45. R4d3 Rc5 46. Kf4 1-0

[Event "Gdansk op 12th "]
[Site "Gdansk"]
[Date "2010.07.21"]
[Round "6"]
[White "Dadello, Aleksandra"]
[Black "Marszk, Kazimierz"]
[Result "1/2-1/2"]
[WhiteElo "1708"]
[BlackElo "2111"]
[PlyCount "65"]
[EventDate "2010.07.17"]
[EventType "swiss"]
[EventRounds "9"]
[EventCountry "POL"]
[SourceTitle "EXT 2011"]
[Source "ChessBase"]
[SourceDate "2010.11.26"]
[SourceVersion "1"]
[SourceVersionDate "2010.11.26"]
[SourceQuality "1"]

1. e4 c6 2. d4 d5 3. Nc3 dxe4 4. Nxe4 Nf6 5. Nxf6+ gxf6 6. c3 e5 7. Be3 Qc7 8. Bc4 Bf5 9. Qf3 Bg6 10. Qxf6 exd4 11. Qxh8 dxe3 12. fxe3 Nd7 13. Qd4 0-0-0 14. 0-0-0 Bh6 15. Nh3 Re8 16. Nf4 c5 17. Qd6 Qxd6 18. Rxd6 Rxe3 19. g3 Ne5 20. Bb5 a6 21. Ba4 Nd3+ 22. Kd2 Nxb2 23. Kxe3 Nc4+ 24. Kf3 Nxd6 25. Nxg6 hxg6 26. Rd1 Kc7 27. Re1 b5 28. Bc2 Bd2 29. Re7+ Kb6 30. Rd7 Kc6 31. Ra7 Kb6 32. Rd7 Kc6 33. Ra7 1/2-1/2

[Event "Gdansk op"]
[Site "Gdansk"]
[Date "2009.07.26"]
[Round "9"]
[White "Kaszynski, Bartlomiej"]
[Black "Marszk, Kazimierz"]
[Result "0-1"]
[WhiteElo "2083"]
[BlackElo "2108"]
[PlyCount "38"]
[EventDate "2009.07.19"]
[EventType "swiss"]
[EventRounds "9"]
[EventCountry "POL"]
[SourceTitle "CBM 131 Extra"]
[Source "ChessBase"]
[SourceDate "2009.09.03"]
[SourceVersion "2"]
[SourceVersionDate "2009.09.16"]
[SourceQuality "1"]

1. e4 c6 2. d4 d5 3. Nc3 dxe4 4. Nxe4 Nd7 5. Nf3 Ngf6 6. Nxf6+ Nxf6 7. h3 Bf5 8. Bc4 e6 9. Bg5 Be7 10. Qe2 0-0 11. 0-0-0 a5 12. g4 Bg6 13. h4 b5 14. Bd3 Bxd3 15. Rxd3 Nxg4 16. Rg1 h5 17. Bxe7 Qxe7 18. Qe4 g6 19. Ng5 Nxf2 0-1

[Event "Gdansk-ch"]
[Site "Gdansk"]
[Date "2007.07.28"]
[Round "8"]
[White "Kapica, Pawel"]
[Black "Marszk, Kazimierz"]
[Result "0-1"]
[WhiteElo "1765"]
[BlackElo "2116"]
[PlyCount "54"]
[EventDate "2007.07.22"]
[EventType "swiss"]
[EventRounds "9"]
[EventCountry "POL"]
[SourceTitle "CBM 119 Extra"]
[Source "ChessBase"]
[SourceDate "2007.09.04"]
[SourceVersion "1"]
[SourceVersionDate "2007.09.04"]
[SourceQuality "1"]

1. d4 Nf6 2. Nf3 b6 3. Bg5 e6 4. e3 Bb7 5. c4 h6 6. Bh4 g5 7. Bg3 Ne4 8. Nbd2 Bb4 9. a3 Be7 10. Be2 d6 11. 0-0 Nd7 12. Nxe4 Bxe4 13. Nd2 Bb7 14. f4 Nf6 15. Bh5 Rh7 16. fxg5 hxg5 17. Bf3 c6 18. Ne4 Nxe4 19. Bxe4 f5 20. Bf3 g4 21. Be2 Bg5 22. Qd3 Qf6 23. e4 f4 24. Qd2 fxg3 25. Rxf6 Bxd2 26. Rxe6+ Kf7 27. Bxg4 Be3+ 0-1

[Event "Gdansk-ch"]
[Site "Gdansk"]
[Date "2007.07.26"]
[Round "6"]
[White "Koziak, Vitali"]
[Black "Marszk, Kazimierz"]
[Result "1-0"]
[WhiteElo "2441"]
[BlackElo "2116"]
[PlyCount "65"]
[EventDate "2007.07.22"]
[EventType "swiss"]
[EventRounds "9"]
[EventCountry "POL"]
[SourceTitle "CBM 119 Extra"]
[Source "ChessBase"]
[SourceDate "2007.09.04"]
[SourceVersion "1"]
[SourceVersionDate "2007.09.04"]
[SourceQuality "1"]

1. d4 Nf6 2. c4 d5 3. cxd5 Nxd5 4. e4 Nf6 5. Nc3 e6 6. Nf3 Be7 7. Bd3 0-0 8. e5 Nd5 9. h4 f5 10. exf6 Bxf6 11. Ne4 Nd7 12. Nfg5 Bxg5 13. Bxg5 N7f6 14. Rc1 Qe7 15. 0-0 h6 16. Nxf6+ Nxf6 17. Bf4 Nd5 18. Bg3 Bd7 19. Re1 Be8 20. Qg4 Bf7 21. Qe4 Rfd8 22. Qh7+ Kf8 23. Qh8+ Bg8 24. Bf5 Re8 25. Bxe6 Qxe6 26. Rxe6 Rxe6 27. Bxc7 Ne7 28. h5 Rc8 29. Rc3 Nf5 30. d5 Re1+ 31. Kh2 Ke7 32. Bd6+ Nxd6 33. Rxc8 1-0

[Event "Gdansk-ch"]
[Site "Gdansk"]
[Date "2007.07.22"]
[Round "2"]
[White "Nester, Ihor"]
[Black "Marszk, Kazimierz"]
[Result "1-0"]
[WhiteElo "2354"]
[BlackElo "2116"]
[PlyCount "85"]
[EventDate "2007.07.22"]
[EventType "swiss"]
[EventRounds "9"]
[EventCountry "POL"]
[SourceTitle "CBM 119 Extra"]
[Source "ChessBase"]
[SourceDate "2007.09.04"]
[SourceVersion "1"]
[SourceVersionDate "2007.09.04"]
[SourceQuality "1"]

1. Nf3 Nf6 2. c4 e6 3. Nc3 d5 4. d4 Be7 5. g3 0-0 6. Bg2 Nbd7 7. 0-0 c6 8. b3 Re8 9. Bb2 Nf8 10. Nd2 h6 11. e4 dxe4 12. Ndxe4 Nxe4 13. Nxe4 Nh7 14. Bc1 Nf6 15. Bf4 Nxe4 16. Bxe4 Bf6 17. Be5 Bxe5 18. dxe5 Qxd1 19. Rfxd1 c5 20. Rd6 Rb8 21. Rad1 h5 22. h4 g6 23. Kf1 Kf8 24. Ke2 Ke7 25. Ke3 Rf8 26. R1d2 Rg8 27. Kf4 Rf8 28. Kg5 Rh8 29. R2d3 Rf8 30. Kh6 Rg8 31. Kh7 Re8 32. Kg7 Rf8 33. f3 Re8 34. g4 Rf8 35. gxh5 gxh5 36. f4 b5 37. Bc6 bxc4 38. Rd7+ Bxd7 39. Rxd7+ Ke8 40. Rb7+ Kd8 41. Rxb8+ Kc7 42. Rxf8 Kxc6 43. bxc4 1-0

[Event "Gdansk-ch 8th"]
[Site "Gdansk"]
[Date "2006.07.28"]
[Round "7"]
[White "Szczepaniec, Stanislaw"]
[Black "Marszk, Kazimierz"]
[Result "0-1"]
[WhiteElo "2083"]
[BlackElo "2125"]
[PlyCount "81"]
[EventDate "2006.07.23"]
[EventType "swiss"]
[EventRounds "9"]
[EventCountry "POL"]
[SourceTitle "EXT 2008"]
[Source "ChessBase"]
[SourceDate "2007.11.25"]
[SourceVersion "1"]
[SourceVersionDate "2007.11.25"]
[SourceQuality "1"]

1. c4 Nf6 2. Nc3 e5 3. g3 Be7 4. Bg2 0-0 5. Nf3 Nc6 6. d4 exd4 7. Nxd4 Ne5 8. b3 d6 9. 0-0 Re8 10. h3 Rb8 11. e4 Bd7 12. Be3 a6 13. a4 Qc8 14. Kh2 h6 15. Qd2 c6 16. f4 Ng6 17. f5 Ne5 18. g4 Qc7 19. Bf4 Rbd8 20. Kh1 Nh7 21. Rad1 Bf6 22. Nce2 Bc8 23. Ng3 Qb6 24. Nh5 Bg5 25. Bxg5 hxg5 26. f6 g6 27. Ng7 Rf8 28. Rde1 Qc5 29. Rc1 a5 30. Ngf5 gxf5 31. gxf5 Kh8 32. h4 Rg8 33. hxg5 Rxg5 34. Bf3 Rdg8 35. Rf2 Qxd4 36. Qxd4 Nxf3 37. Rh2 Nxd4 38. Rh6 Nf3 39. Rg6 fxg6 40. f7 Rf8 41. Rf1 0-1